[Event "Box Hill op"]
[Site "Box Hill"]
[Date "2019.11.15"]
[Round "4"]
[White "Zafirakos, Jesse"]
[Black "Gong, Anderson"]
[Result "1-0"]
[WhiteElo "1581"]
[BlackElo "1175"]
[PlyCount "45"]
[EventDate "2019.10.18"]
[EventType "swiss"]
[EventRounds "9"]
[EventCountry "AUS"]
[SourceTitle "EXT 2021"]
[Source "ChessBase"]
[SourceDate "2020.10.23"]
[SourceVersion "1"]
[SourceVersionDate "2020.10.23"]
[SourceQuality "1"]

1. e4 e6 2. d4 d5 3. Nc3 Nf6 4. e5 Nfd7 5. f4 c5 6. Nf3 Nc6 7. Be3 Be7 8. Qd2 0-0 9. dxc5 Bxc5 10. 0-0-0 Qa5 11. Kb1 Rb8 12. Bxc5 Nxc5 13. Bd3 b5 14. f5 exf5 15. Nxd5 b4 16. Nf6+ Kh8 17. Nh5 Na4 18. Bc4 Nxe5 19. Qd4 f6 20. Bb3 Nb6 21. Nf4 Bb7 22. Nxe5 fxe5 23. Ng6+ 1-0